Olivia Rodrigo A-Z - Statistics

General Stats
  • This quiz has been taken 71 times
  • The average score is 13 of 16
Answer Stats
Hint Answer % Correct
B brutal / bad idea right / ballad of a homeschooled girl
95%
D drivers license / deja vu
93%
V vampire
89%
G good 4 u / get him back / girl i've always been
88%
H happier / hope ur ok
88%
L lacy / logical / love is embarrassing
88%
A all-american bitch
86%
T traitor / the grudge / teenage dream
84%
S scared of my guitar / stranger / so american
79%
E enough for you
77%
J jealousy, jealousy
77%
F favorite crime
75%
O obsessed
75%
M making the bed
73%
# 1 step forward, 3 steps back
71%
P pretty isn't pretty
71%
No matching quizzes found
Score Distribution
Percent of People with Each Score
Percentile by Number Answered
Your Score History
You have not taken this quiz